Toutes les communes du canton d'Ancenis-Saint-Géréon (44) - Statistiques

Statistiques générales
  • Ce quiz a été pris 81 fois
  • Le résultat moyen est 7 sur 12
Réponses sur la Carte
Les réponses sont colorées sur une échelle allant du rouge au vert en fonction du pourcentage des utilisateurs qui les ont devinées à leur premier essai. Vous pouvez retrouver ces pourcentages ci-dessous.
 
Statistiques - réponses
Commune % Correct
Ancenis-Saint-Géréon
100%
Oudon
92%
Mésanger
85%
Couffé
69%
Vair-sur-Loire
67%
Loireauxence
64%
La Roche-Blanche
59%
Pouillé-les-Côteaux
56%
Vallons-de-l'Erdre
44%
Montrelais
41%
Pannecé
36%
Le Pin
28%
Aucun quiz correspondant
Distribution des résultats
% des personnes avec chaque résultat
Percentile par nombre de réponses
Votre historique - résultats
Vous n’avez pas pris ce quiz